| 000 | 00442nam a22001577a 4500 | ||
|---|---|---|---|
| 999 |
_c479986 _d479986 |
||
| 003 | ASAB | ||
| 005 | 20200308165147.0 | ||
| 008 | 160203t xxu||||| |||| 00| 0 eng d | ||
| 038 | _aATTAULLAH | ||
| 040 | _cASAB | ||
| 082 | _a660 | ||
| 100 |
_aQurat ul ain-sup-Dr. Shahrukh Abbas _928246 |
||
| 245 | _aTh-mphil-synthesis & characterization of Nano Carriers for Potential Ultrasound contrast Imaging | ||
| 300 | _a85 p. | ||
| 942 |
_2ddc _cTHE |
||